| 000 | 00410nam a22001337a 4500 | ||
|---|---|---|---|
| 999 |
_c517284 _d517284 |
||
| 008 | 210708b ||||| |||| 00| 0 eng d | ||
| 100 |
_aSingh, Birinder Pal _926382 |
||
| 245 | _aPresence of the absent: The case of Punjab tribes | ||
| 260 | _aSocial Scientist | ||
| 300 | _a48(9-10), Sep-Oct, 2020: p.55-70 | ||
| 773 | _aSocial Scientist | ||
| 906 | _aTRIBAL DEVELOPMENT - PUNJAB - INDIA | ||
| 942 | _cAR | ||